| 000 | 00696nam a2200169 a 4500 | ||
|---|---|---|---|
| 001 | 000035115 | ||
| 005 | 20200930074120.0 | ||
| 008 | 111025s1909 sp 000 0 spa d | ||
| 040 |
_aDO-SdBNP _bspa _cBNPHU |
||
| 082 |
_axxxx _bR426, 1909 |
||
| 245 | 1 | 3 |
_aLa república del amor : _bopereta en un acto, dividido en dos cuadros, escrita sobre el pensamiento de una obra extranjera, libro de Paso y Aragón /música Lleó. |
| 250 | _a2a ed. | ||
| 260 |
_aMadrid : _bR. Velasco imp., Marqués de Santa Ana, _c1909. |
||
| 300 |
_a37 p. ; _c20 cm. |
||
| 500 | _aEstrenada Teatro Eslava de Madrid, la noche del 26 de septiembre de 1908. | ||
| 700 | 1 | 2 |
_aLleó Balbastre, Vicente, _d[1870-1922] _emús. _960793 |
| 999 |
_c34606 _d34606 |
||